| 000 | 01143nam a22002417a 4500 | ||
|---|---|---|---|
| 999 |
_c63539 _d63539 |
||
| 005 | 20240530110646.0 | ||
| 008 | 171114s2015 ua a g 000 0 ara d | ||
| 017 |
_a2008/8588 _bمصر. دار الكتب |
||
| 020 | _a9773373274 | ||
| 040 |
_aEG-CaGPL _cEG-CaGPL |
||
| 082 | 0 | 4 |
_221 _a657.48 / _bخ ن |
| 110 | 0 | _aخبراء مركز الخبرات المهنية للادارة بميك | |
| 245 | 1 | 2 |
_aالنظام المحاسبى فى منظمات المجتمع المدنى / _cاعداد المادة العلمية خبراء مركز الخبرات المهنية للادارة بميك ؛ عبدالرحمن توفيق |
| 260 |
_aالقاهرة : _bمركز الخبرات المهنية للادارة (ببميك) ، _c2015. |
||
| 300 |
_a71 ص. : _bايض ؛ _c30 سم. |
||
| 490 | 0 |
_aمنهج المحاسبة التطبيقية ؛ _v7 |
|
| 650 | 0 | 7 |
_2qrmak _aالمحاسبة التحليلية |
| 650 | 0 | 7 |
_2qrmak _aمنظمات المجتمع المدنى _xمحاسبة |
| 651 | _2qrmak | ||
| 700 | 0 |
_aعبدالرحمن توفيق _eمستشار |
|
| 942 |
_2ddc _cBK |
||